| 000 | 00344nam a2200121Ia 4500 | ||
|---|---|---|---|
| 008 | 191014s9999 xx 000 0 und d | ||
| 082 |
_a004 _bAHO |
||
| 100 |
_aAlfred v. Aho, Jeffrey d. Ullman _924003 |
||
| 245 | 0 | _aFoundations of Computer Science C Edition | |
| 260 |
_aPakistan _bNational Books Fundation |
||
| 300 | _aXiii,786 | ||
| 942 | _cBK | ||
| 999 |
_c531267 _d531267 |
||